<?xml version="1.0" encoding="UTF-8"?>
<record
    xmlns:xsi="http://www.w3.org/2001/XMLSchema-instance"
    xsi:schemaLocation="http://www.loc.gov/MARC21/slim http://www.loc.gov/standards/marcxml/schema/MARC21slim.xsd"
    xmlns="http://www.loc.gov/MARC21/slim">

  <leader>01577nam a2200277 a 4500</leader>
  <controlfield tag="001">000007695</controlfield>
  <controlfield tag="005">20240517193337.0</controlfield>
  <controlfield tag="008">090907s2003    sp a    r     001 0 spa d</controlfield>
  <datafield tag="020" ind1=" " ind2=" ">
    <subfield code="a">848055553X (obra completa)</subfield>
  </datafield>
  <datafield tag="040" ind1=" " ind2=" ">
    <subfield code="a">DO-SdBNP</subfield>
    <subfield code="b">spa</subfield>
    <subfield code="c">BNPHU</subfield>
  </datafield>
  <datafield tag="082" ind1=" " ind2=" ">
    <subfield code="a">636</subfield>
    <subfield code="b">T255g</subfield>
  </datafield>
  <datafield tag="245" ind1="0" ind2="0">
    <subfield code="a">T&#xE9;cnico en ganader&#xED;a /</subfield>
    <subfield code="c">redacci&#xF3;n y coordinador Eduardo Villena Fern&#xE1;ndez, Jos&#xE9; Jim&#xE9;nez Ruiz Matas.</subfield>
  </datafield>
  <datafield tag="260" ind1=" " ind2=" ">
    <subfield code="a">Madrid :</subfield>
    <subfield code="b">Cultural ,</subfield>
    <subfield code="c">2003.</subfield>
  </datafield>
  <datafield tag="270" ind1=" " ind2=" ">
    <subfield code="a">Cultural, S.A.</subfield>
    <subfield code="a">Pol&#xED;gono industrial Arroyomolinos calle C, n&#xFA;m. 15, M&#xF3;stoles</subfield>
    <subfield code="b">Madrid</subfield>
    <subfield code="d">Espa&#xF1;a</subfield>
  </datafield>
  <datafield tag="300" ind1=" " ind2=" ">
    <subfield code="a">3 v. :</subfield>
    <subfield code="b">il. , retrs. ;</subfield>
    <subfield code="c">26 cm.</subfield>
  </datafield>
  <datafield tag="505" ind1="2" ind2=" ">
    <subfield code="a">v.1 - Morfolog&#xED;a y fisiolog&#xED;a -- Razas ganaderas -- Equinos -- La alimentaci&#xF3;n del ganado I -- v.2 La alimentaci&#xF3;n del ganado II -- Manejo de la reproducci&#xF3;n -- Higiene y patolog&#xED;a animal -- v.3 Instalaciones ganaderas -- Sistemas de producci&#xF3;n -- La empresa ganadera: organizaci&#xF3;n y gesti&#xF3;n -- Producci&#xF3;n ganadera en el -- Censo y mapa mundial del ganado ovino -- Censo y mapa mundial del ganado caprino -- Censo y mapa mundial del ganado porcino -- Censo y mapa mundial en avicultura -- Censo y mapa mundial del ganado bovino -- &#xCD;ndice anal&#xED;tico.</subfield>
  </datafield>
  <datafield tag="650" ind1=" " ind2="0">
    <subfield code="a">Ganeder&#xED;a</subfield>
    <subfield code="9">2464</subfield>
  </datafield>
  <datafield tag="650" ind1=" " ind2="4">
    <subfield code="a">Fisiolog&#xED;a animal</subfield>
    <subfield code="9">5967</subfield>
  </datafield>
  <datafield tag="650" ind1=" " ind2="4">
    <subfield code="a">Alimentos para animales</subfield>
    <subfield code="9">21338</subfield>
  </datafield>
  <datafield tag="650" ind1=" " ind2="4">
    <subfield code="a">Cr&#xED;a de animales</subfield>
    <subfield code="9">1547</subfield>
  </datafield>
  <datafield tag="650" ind1=" " ind2="4">
    <subfield code="a">Ganado</subfield>
    <subfield code="x">Reproducci&#xF3;n</subfield>
    <subfield code="9">21339</subfield>
  </datafield>
  <datafield tag="650" ind1=" " ind2="4">
    <subfield code="a">Ganader&#xED;a</subfield>
    <subfield code="x">Estad&#xED;sticas</subfield>
    <subfield code="9">21340</subfield>
  </datafield>
  <datafield tag="700" ind1="1" ind2=" ">
    <subfield code="a">Villena Fern&#xE1;ndez, Eduardo</subfield>
    <subfield code="9">21341</subfield>
  </datafield>
  <datafield tag="700" ind1="1" ind2=" ">
    <subfield code="a">Jim&#xE9;nez Ruiz Matas, Jos&#xE9;</subfield>
    <subfield code="9">21342</subfield>
  </datafield>
  <datafield tag="910" ind1=" " ind2=" ">
    <subfield code="a">Validado. Control de calidad. MMOLINA</subfield>
  </datafield>
  <datafield tag="952" ind1=" " ind2=" ">
    <subfield code="0">0</subfield>
    <subfield code="1">0</subfield>
    <subfield code="5">0</subfield>
    <subfield code="7">1</subfield>
    <subfield code="8">MO</subfield>
    <subfield code="a">GR</subfield>
    <subfield code="b">GR</subfield>
    <subfield code="c">HD</subfield>
    <subfield code="d">2009-09-10</subfield>
    <subfield code="i">LF1</subfield>
    <subfield code="l">0</subfield>
    <subfield code="o">636 T347g | v. 1</subfield>
    <subfield code="p">7695-10</subfield>
    <subfield code="r">2020-06-25</subfield>
    <subfield code="w">2020-06-25</subfield>
    <subfield code="y">1</subfield>
    <subfield code="Z">No se presta</subfield>
  </datafield>
  <datafield tag="952" ind1=" " ind2=" ">
    <subfield code="0">0</subfield>
    <subfield code="1">0</subfield>
    <subfield code="5">0</subfield>
    <subfield code="7">1</subfield>
    <subfield code="8">MO</subfield>
    <subfield code="a">GR</subfield>
    <subfield code="b">GR</subfield>
    <subfield code="c">HD</subfield>
    <subfield code="d">2009-09-10</subfield>
    <subfield code="i">LF1</subfield>
    <subfield code="l">0</subfield>
    <subfield code="o">636 T347g | v. 2</subfield>
    <subfield code="p">7695-20</subfield>
    <subfield code="r">2020-06-25</subfield>
    <subfield code="w">2020-06-25</subfield>
    <subfield code="y">1</subfield>
    <subfield code="Z">No se presta</subfield>
  </datafield>
  <datafield tag="952" ind1=" " ind2=" ">
    <subfield code="0">0</subfield>
    <subfield code="1">0</subfield>
    <subfield code="5">0</subfield>
    <subfield code="7">1</subfield>
    <subfield code="8">MO</subfield>
    <subfield code="a">GR</subfield>
    <subfield code="b">GR</subfield>
    <subfield code="c">HD</subfield>
    <subfield code="d">2009-09-10</subfield>
    <subfield code="i">LF1</subfield>
    <subfield code="l">0</subfield>
    <subfield code="o">636 T347g | v. 3</subfield>
    <subfield code="p">7695-30</subfield>
    <subfield code="r">2020-06-25</subfield>
    <subfield code="w">2020-06-25</subfield>
    <subfield code="y">1</subfield>
    <subfield code="Z">No se presta</subfield>
  </datafield>
  <datafield tag="999" ind1=" " ind2=" ">
    <subfield code="c">7474</subfield>
    <subfield code="d">7474</subfield>
  </datafield>
</record>
